000 00289nam a22001217a 4500
008 180914b xxu||||| |||| 00| 0 eng d
041 _aeng
080 _a616.053
100 _a8
101 _aPED
245 _aPediatric And Adolescent Sports Medicine
_cBrown.L
942 _2udc
_cBK
999 _c47809
_d47809